01000nam a2200217 a 450000100100000000500170001000800410002702000150006804000250008308200150010824502070012326000390033030000350036950000530040450000730045770000400053070000340057070000480060495201130065299900170076500004392920201002045041.0140509s2006 sp ab 000 0 spa d a8496515249 aDO-SdBNPbspacBNPHU axxxxbxxxx00aDemografía de los extranjeros :bincidencia en el crecimiento de la población /cCarmen Lamela Viera ... [et al.] ; coordinado por: Diego López de Lera ; dirigido por: Antonio Izquierdo Escribano. aBilbao :bFundación BBVA,c2006. a330 p. :bil., mapas ;c24 cm. aIncluye referencias bibliográficas e índices aIncluye referencias bibliográficas y notas al pie de las páginas12aLamela Viera, Carmen,d1961-97185512aLópez de Lera, Diego97185612aIzquierdo Escribano, Antonio,d1950-971857 001050718MOaGRbGRcCTd2014-05-09iLF1l0oxxxx xxxxp43929-10r2020-06-25w2020-06-25y1ZNo se presta c43418d43418